Online katalóg knižníc regiónu Turca

Futronela a iné rozprávky (Record no. 21883)

MARC details
000 -LEADER
fixed length control field 01719cam a2200493 a 4500
001 - CONTROL NUMBER
control field 21883
003 - CONTROL NUMBER IDENTIFIER
control field VRT
005 - DATE AND TIME OF LATEST TRANSACTION
control field 20260313142802.0
008 - FIXED-LENGTH DATA ELEMENTS--GENERAL INFORMATION
fixed length control field 240313s2015 xr a b 000 f slo
015 ## - NATIONAL BIBLIOGRAPHY NUMBER
National bibliography number SNBZSA2016
020 ## - INTERNATIONAL STANDARD BOOK NUMBER
International Standard Book Number 9788074511981
Qualifying information (viaz.)
035 ## - SYSTEM CONTROL NUMBER
System control number ED901C80-25EF-422C-AFD7-E49BE4EFEEFF
035 ## - SYSTEM CONTROL NUMBER
System control number urn:nbn:sk:snk-aml206
035 ## - SYSTEM CONTROL NUMBER
System control number urn:nbn:sk:snk-am008lwy
039 #9 - LEVEL OF BIBLIOGRAPHIC CONTROL AND CODING DETAIL [OBSOLETE]
Level of rules in bibliographic description 202403131740
Level of effort used to assign nonsubject heading access points VLOAD
Level of effort used to assign subject headings 202010151913
Level of effort used to assign classification AUTHORITY
Level of effort used to assign subject headings 202009011823
Level of effort used to assign classification AUTHORITY
Level of effort used to assign subject headings 202009011814
Level of effort used to assign classification AUTHORITY
040 ## - CATALOGING SOURCE
Original cataloging agency PPPK
Language of cataloging slo
Transcribing agency PPPK
Modifying agency SNK
Description conventions AACR2
041 0# - LANGUAGE CODE
Language code of text/sound track or separate title slo
044 ## - COUNTRY OF PUBLISHING/PRODUCING ENTITY CODE
MARC country code xr
ISO country code CZ
072 #7 - SUBJECT CATEGORY CODE
Subject category code 821.162.4-3
Subject category code subdivision Slovenská próza
Source konspekt
072 #7 - SUBJECT CATEGORY CODE
Subject category code 821-93
Subject category code subdivision Literatúra pre deti a mládež (beletria)
Source konspekt
080 ## - UNIVERSAL DECIMAL CLASSIFICATION NUMBER
Universal Decimal Classification number 821.162.4-34
Edition identifier 2001
080 ## - UNIVERSAL DECIMAL CLASSIFICATION NUMBER
Universal Decimal Classification number 821-93
Edition identifier 2001
100 1# - MAIN ENTRY--PERSONAL NAME
Personal name Pavlovič, Jozef,
Dates associated with a name 1934-2020
Relationship aut
245 10 - TITLE STATEMENT
Title Futronela a iné rozprávky
Number of part/section of a work Tretia knižka deduška večerníčka
Statement of responsibility, etc. Jozef Pavlovič ; ilustrácie Zuzana Nemčíková
260 ## - PUBLICATION, DISTRIBUTION, ETC.
Place of publication, distribution, etc. Praha
Name of publisher, distributor, etc. Ottovo nakladatelství
Date of publication, distribution, etc. 2015
300 ## - PHYSICAL DESCRIPTION
Extent 97 s.
Other physical details ilustr.
Dimensions 30 cm
655 #7 - INDEX TERM--GENRE/FORM
Genre/form data or focus term slovenské rozprávky
Source of term SNKPH
655 #7 - INDEX TERM--GENRE/FORM
Genre/form data or focus term publikácie pre deti
Source of term SNKPH
655 #7 - INDEX TERM--GENRE/FORM
Genre/form data or focus term Slovak fairy tales
Source of term SNKPHeng
655 #7 - INDEX TERM--GENRE/FORM
Genre/form data or focus term Children's literature
Source of term SNKPHeng
700 1# - ADDED ENTRY--PERSONAL NAME
Personal name Nemčíková, Zuzana,
Dates associated with a name 1955-
Relationship ill
910 ## - USER-OPTION DATA (OCLC)
User-option data pppk
910 ## - USER-OPTION DATA (OCLC)
User-option data pokpoh
910 ## - USER-OPTION DATA (OCLC)
User-option data snk
910 ## - USER-OPTION DATA (OCLC)
User-option data sllk
910 ## - USER-OPTION DATA (OCLC)
User-option data hevk
910 ## - USER-OPTION DATA (OCLC)
User-option data skpk
910 ## - USER-OPTION DATA (OCLC)
User-option data ttkjf
910 ## - USER-OPTION DATA (OCLC)
User-option data vthk
942 ## - ADDED ENTRY ELEMENTS (KOHA)
Source of classification or shelving scheme Dewey Decimal Classification
Koha item type Krásna literatúra pre deti
Suppress in OPAC No
949 ## - LOCAL PROCESSING INFORMATION (OCLC)
6 17A1173062
a snkSB 89079
b snk2015/28782
o Pemic67-ah/3Int. č. fa – 59/2015
s 6100:20160108
949 ## - LOCAL PROCESSING INFORMATION (OCLC)
6 17A1177903
a snkSB 89079 D1
b snk2016/1833
o Pemic2-ah/3Int. č. fa – 87/2015
949 ## - LOCAL PROCESSING INFORMATION (OCLC)
a snklmDK 7249 SNKLM
b snklm2015/184
Holdings
Stav vyradenia Strata Poškodenie Spôsob nadobudnutia Domovská knižnica Aktuálna knižnica Dátum nadobudnutia Total checkouts Čiarový kód exemplára Date last seen Typ exemplára
      Dar Obecná knižnica Horná Štubňa Obecná knižnica Horná Štubňa 13.03.2026   9788074511981 13.03.2026 Krásna literatúra pre deti
Projekt je podporený Slovenskou asociáciou knižníc
Prevádzkuje Turčianska knižnica Martin 2026